Tres culturas en agonía /

Los ensayos que se incluyen en esta obra analizan el movimiento estudiantil de 1968 en su relación con el poder público y los distintos sectores de la sociedad mexicana, la conformidad con los antecedentes de la situación, los hechos que quedaron al descubierto y las consecuencias que se hicieron pe...

Descrición completa

Gardado en:
Detalles Bibliográficos
Outros autores: Carrión, Jorge (autor) (autor)
Formato: Libro
Idioma:Lingua castelá
Publicado: México : Nuestro Tiempo, 1970, c1970
Edición:2a edición
Series:(Temas de Actualidad)
Temas:
Etiquetas: Engadir etiqueta
Sen Etiquetas, Sexa o primeiro en etiquetar este rexistro!

MARC

LEADER 00000nam^a2200000^a^4500
001 000131655
005 20250521000000.0
009 20260310095030.334
037 |a Acervo ITESO - Biblioteca 
041 |a ESP 
082 |a 322. 44  |b TRE 
245 0 0 |a Tres culturas en agonía /  |c J. Carrión... [et al.] 
250 |a 2a edición 
264 4 |a México :  |b Nuestro Tiempo,  |c 1970, c1970 
300 |a 290 p. 
336 |a texto  |b txt  |2 rdacontenido 
337 |a sin mediación  |b n  |2 rdamedio 
338 |a volumen  |b nc  |2 rdasoporte 
440 1 |a (Temas de Actualidad) 
520 |a Los ensayos que se incluyen en esta obra analizan el movimiento estudiantil de 1968 en su relación con el poder público y los distintos sectores de la sociedad mexicana, la conformidad con los antecedentes de la situación, los hechos que quedaron al descubierto y las consecuencias que se hicieron perceptibles. 
649 |a XX 
650 |a Movimiento Estudiantil de 1968 
650 |a Movimientos Estudiantiles -  |z México 
650 |a Movimientos Sociales -  |z México 
650 |a México -  |x Condiciones Sociales y Culturales 
650 |a México -  |x Condiciones Políticas 
650 |a Política -  |z México -  |x Historia -  |y 1964-1970 
650 |a Educación Superior -  |z México -  |x Historia -  |y 1964-1970 
700 |a Carrión, Jorge  |e (autor) 
910 |a Fondo Salvador Reynoso Reynoso 
920 |a Impresos - Libros 
930 |a Fondos Especiales 
905 |a 112 
901 |a 0800012170  |b IT2  |c ESP  |u 20250521 
902 |a https://opac.biblio.iteso.mx/vufind/Record/000131655